Fallout 4 Locations - Statistics

General Stats
  • This quiz has been taken 118 times
    83 since last reset
  • The average score is 37 of 257
Answer Stats
Locations % Correct
Sanctuary
94%
Diamond City
85%
Vault 111
78%
Concord
72%
Boston Airport
65%
The Institute
65%
Goodneighbor
63%
Vault 81
61%
Bunker Hill
56%
The Castle
56%
Lexington
54%
Abernathy Farm
52%
Old North Church
52%
The Prydwen
48%
Vault 114
46%
Vault 95
46%
C.I.T. Ruins
44%
Jamaica Plain
44%
Museum of Freedom
44%
Quincy Ruins
44%
Diamond City Market
43%
Red Rocket Truck Stop
43%
Starlight Drive-In
43%
Salem
41%
Corvega Assembly Plant
39%
Hangman's Alley
39%
Railroad HQ
39%
Boston Common
35%
Dunwich Borers
35%
Fort Hagen
35%
Spectacle Island
35%
Vault 75
35%
Museum of Witchcraft
33%
Saugus Ironworks
33%
The Slog
33%
Trinity Tower
33%
Boston Public Library
31%
Covenant
31%
Crater of Atom
31%
Graygarden
31%
USS Constitution
31%
Tenpines Bluff
30%
Gunners Plaza
28%
Hubris Comics
28%
Super Duper Mart
28%
Fort Strong
26%
Home Plate
26%
Libertalia
26%
Outpost Zimonja
26%
Swan's Pond
26%
Taffington Boathouse
26%
University Point
26%
Warwick Homestead
26%
College Square
24%
Combat Zone
24%
Atom Cats Garage
22%
Cabot House
22%
Cambridge Crater
22%
Cambridge Polymer Labs
22%
Mass Fusion Building
22%
Cave
20%
Drumlin Diner
20%
Edge of the Glowing Sea
20%
Parsons State Insane Asylum
20%
Thicket Excavations
20%
Easy City Downs
19%
Finch Farm
19%
Greentop Nursery
19%
Lexington Apartments
19%
Sunshine Tidings Co-Op
19%
Back Street Apparel
17%
Coastal Cottage
17%
Faneuil Hall
17%
General Atomics Galleria
17%
Kingsport Lighthouse
17%
Oberland Station
17%
Peabody House
17%
Ranger Cabin
17%
Beantown Brewery
15%
Fallon's Department Store
15%
Med-Tek Research
15%
Murkwater Construction Site
15%
Nordhagen Beach
15%
Parson's Creamery
15%
USAF Satellite Station Olivia
15%
ArcJet Systems
13%
Bedford Station
13%
County Crossing
13%
Croup Manor
13%
Gorski Cabin
13%
Hardware Town
13%
Lonely Chapel
13%
Medford Memorial Hospital
13%
Pickman Gallery
13%
Robotics Disposal Ground
13%
Somerville Place
13%
Trinity Plaza
13%
Big John's Salvage
11%
Boylston Club
11%
Cambridge Police Department
11%
Crater House
11%
Federal Ration Stockpile
11%
HalluciGen, Inc.
11%
Lynn Woods
11%
Malden Middle School
11%
Wicked Shipping Fleet Lockup
11%
Andrew Station
9%
Breakheart Banks
9%
East Boston Preparatory School
9%
Egret Tours Marina
9%
Fallen Skybridge
9%
Fort Hagen Filling Station
9%
Fort Hagen Satellite Array
9%
Fraternal Post 115
9%
Garden Terrace
9%
Greater Mass Blood Clinic
9%
Malden Center
9%
Mass Bay Medical Center
9%
Milton General Hospital
9%
Mystic Pines
9%
Nahant Oceanological Society
9%
Natick Banks
9%
Park Street Station
9%
Quincy Police Station
9%
Revere Satellite Array
9%
Sentinel Site
9%
Suffolk County Charter School
9%
Yangtze
9%
Boston Bugle
7%
Boston Mayoral Shelter
7%
Coast Guard Pier
7%
D.B. Technical High School
7%
Greenetech Genetics
7%
Haymarket Hall
7%
Hugo's Hole
7%
Hyde Park
7%
Longneck Lukowski's Cannery
7%
Mahkra Fishpacking
7%
Monsignor Plaza
7%
National Guard Training Yard
7%
Parkview Apartments
7%
Police Precinct 8
7%
Recon Bunker Theta
7%
Revere Beach Station
7%
Rocky Cave
7%
Skylanes Flight 1981
7%
The Shamrock Taphouse
7%
Vault-Tec Regional HQ
7%
Wilson Atomatoys Corporate HQ
7%
Wilson Atomatoys Factory
7%
Wreck of the USS Riptide
7%
BADTFL Regional Office
6%
Cambridge Campus Diner
6%
Campus Law Offices
6%
Fens Street Sewer
6%
Harbormaster Hotel
6%
Hester's Consumer Robotics
6%
Kendall Hospital
6%
Layton Towers
6%
Mass Pike Interchange
6%
Nahant Chapel
6%
Nahant Wharf
6%
Natick Police Department
6%
Old Granary Burying Ground
6%
Scrap Palace
6%
Shaw High School
6%
South Boston Military Checkpoint
6%
Ticonderoga
6%
Tucker Memorial Bridge
6%
Walden Pond
6%
West Roxbury Station
6%
Wreck of the FMS Northern Star
6%
Atlantic Offices
4%
Boston Police Rationing Site
4%
Chestnut Hillock Reservoir
4%
Collegiate Administration Building
4%
Custom House Tower
4%
Dartmouth Professional Building
4%
Decrepit Factory
4%
East Boston Police Station
4%
Fiddler's Green Trailer Estates
4%
Forgotten Church
4%
General Atomics Factory
4%
Hub City Auto Wreckers
4%
Irish Pride Industries Shipyard
4%
Jalbert Brother's Disposal
4%
Lake Cochituate
4%
Mass Fusion Containment Shed
4%
Medical Center Metro
4%
Nahant Sherrif's Department
4%
Posiedon Energy
4%
Radio Tower 3SM-U81
4%
Relay Tower 0BB-915
4%
Relay Tower 0DB-521
4%
Relay Tower 0MC-810
4%
Relay Tower 0SC-527
4%
Relay Tower 1DL-109
4%
Robotics Pioneer Park
4%
Rook Family House
4%
Sandy Coves Convalescent Home
4%
Slocum's Joe Corporate HQ
4%
South Boston Police Department
4%
Wattz Consumer Electronics
4%
Weatherby Savings & Loan
4%
West Everett Estates
4%
Boston Airport Ruins
2%
Charles View Amphitheater
2%
Eastern Enclave Encampment
2%
Fairline Hill Estates
2%
Forest Grove Marsh
2%
Gwinnet Brewery
2%
Lake Quannapowitt
2%
Listening Post Bravo
2%
Massachusetts State House
2%
Mass Gravel & Sand
2%
Neponset Park
2%
Postal Square
2%
Quincy Quarries
2%
Reeb Marina
2%
Rocky Narrows Park
2%
Rotten Landfill
2%
Skylanes Flight 1665
2%
South Boston High School
2%
Southern Enclave Encampment
2%
The Gwinnet Restaurant
2%
Western Enclave Encampment
2%
Westing Estate
2%
Weston Water Treatment Plant
2%
WRVR Broadcast Station
2%
Capsized Factory
0%
Cutler Bend
0%
Dark Hollow Pond
0%
Decayed Reactor Site
0%
Electrical Hobbyist's Club
0%
Enclave Retrieval Operations Encampment
0%
Federal Supply Cache 84NE
0%
Federal Surveillance Center K-21B
0%
Fort Hagen Hangar
0%
Four Leaf Fishpacking Plant
0%
Gibson Point Pier
0%
Hopesmarch Pentecostal Church
0%
Lynn Tier Parking
0%
Mass Fusion Disposal Site
0%
Mass Pike Tunnel East
0%
Mass Pike Tunnel West
0%
NH&M Freight Depot
0%
Old Corner Bookstore
0%
Old Gullet Sinkhole
0%
O'Neill Family Manufacturing
0%
Posiedon Energy Turbine #18-F
0%
Posiedon Reservoir
0%
Roadside Pines Motel
0%
RobCo Sales & Service Center
0%
Super-Duper Mart Cave
0%
Vertibird Wreckage
0%
Waypoint Echo
0%
Wildwood Cemetery
0%
No matching quizzes found
Score Distribution
Percent of People with Each Score
Percentile by Number Answered
Your Score History
You have not taken this quiz since the last reset